Statistics for Killing me Softly- The Fugees

Click here to take the quiz!

General Stats

  • This quiz has been taken 37 times
  • The average score is 63 of 74

Answer Stats

Answer% Correct
his
100%
his
100%
his
100%
his
100%
his
100%
his
100%
killing
100%
killing
100%
killing
100%
with
100%
with
100%
with
100%
with
100%
with
100%
with
100%
me
97%
me
97%
me
97%
so
97%
softly
97%
softly
97%
softly
97%
my
94%
my
94%
my
94%
my
94%
song
94%
song
94%
song
94%
song
94%
life
91%
life
91%
fingers
88%
strumming
88%
words
88%
words
88%
a
85%
a
85%
a
85%
a
85%
he
85%
he
85%
he
85%
pain
82%
and
79%
and
79%
and
79%
good
79%
i
79%
i
79%
i
79%
had
76%
heard
76%
heard
76%
sang
76%
while
76%
whole
76%
for
74%
telling
74%
this
74%
to
74%
to
74%
boy
71%
listen
71%
singing
71%
was
71%
young
71%
stranger
68%
eyes
65%
there
65%
him
62%
see
62%
style
62%
came
56%

Score Distribution

Percentile by Number Answered

Percent of People with Each Score

Your Score History

You have not taken this quiz